| 000 | 00808nam a22001337a 4500 | ||
|---|---|---|---|
| 040 | _cRUA | ||
| 082 | _aAVM KHE 2010 B094 Or.1 | ||
| 100 | _aKHENG, RATANA. | ||
| 245 | _aStudy on growth of avian broiler supplemented with fresh ivy gourd in cp feed at the animal experimental station of rua, សិក្សាលើការលូតលាស់របស់មាន់សាច់ avian ដោយបន្ថែមស្លឹកបាសស្រស់លើចំណិ ស៊ី ភីនៅស្ថានីយ៏សត្វនៃសាកលវិទ្យាល័យភូមិន្ទកសិកម្ម | ||
| 260 |
_aPhnom Penh _bRUA _c2010 |
||
| 300 |
_axiii; 46p. _bill. _c29cm. |
||
| 856 | _uhttps://drive.google.com/file/d/1PzpvKcKw5y1IWMjBtdo4_gFIGtsFTwdQ/view?usp=sharing | ||
| 942 | _cAVM | ||
| 999 |
_c2413 _d2413 |
||